LEADER 01123nam 2200361 4500 001 990000739400203316 010 $a0-387-94253-X 035 $a0073940 035 $aUSA010073940 035 $a(ALEPH)000073940USA01 035 $a0073940 100 $a20011114d1994----km-y0ENGy0103----ba 101 $aeng 102 $aUS 200 1 $aFree boundaries in viscous flows$fRobert A. Brown, Stephen H. Davis editors 210 $aNew York$cSpringer$dc1994 215 $a112 p.$d24 cm 225 2 $aThe IMA volumes in mathematics and its applications$v61 410 $12001$aThe IMA volumes in mathematics and its applications$v61 606 0 $aCorrenti viscose$xModelli matematici 676 $a532.0533 702 1$aBROWN,$bRobert 702 1$aDAVIS,$bStephen H. 801 0$aIT$bsalbc$gISBD 912 $a990000739400203316 951 $a532.0533 FRE$b10596 ING$c532.0533 959 $aBK 969 $aTEC 979 $aPATTY$b90$c20011114$lUSA01$h0953 979 $c20020403$lUSA01$h1722 979 $aPATRY$b90$c20040406$lUSA01$h1651 996 $aFree boundaries in viscous flows$9963899 997 $aUNISA LEADER 03411nam 2200613Ia 450 001 9910783909503321 005 20230524213819.0 010 $a1-280-92890-5 010 $a9786610928903 010 $a1-84663-423-7 035 $a(CKB)1000000000337281 035 $a(EBL)306233 035 $a(OCoLC)173761087 035 $a(SSID)ssj0000466023 035 $a(PQKBManifestationID)11324274 035 $a(PQKBTitleCode)TC0000466023 035 $a(PQKBWorkID)10457832 035 $a(PQKB)11423428 035 $a(MiAaPQ)EBC306233 035 $a(Au-PeEL)EBL306233 035 $a(CaPaEBR)ebr10185529 035 $a(EXLCZ)991000000000337281 100 $a20070112d2007 uy 0 101 0 $aeng 135 $aur|n|---||||| 181 $ctxt$2rdacontent 182 $cc$2rdamedia 183 $acr$2rdacarrier 200 00$aNew developments in textiles, clothing and design /$fguest editor Zvonko Dragcevic 210 1$aBradford [England] :$cEmerald Group Press,$d[2007]. 215 $a1 online resource (pages 156-252) $cillustrations 225 0 $aInternational Journal of Clothing Science and Technology ;$v19, no. 1/3 300 $aDescription based upon print version of record. 311 0 $a1-84663-422-9 327 $aCover; CONTENTS; EDITORIAL ADVISORY BOARD; Guest editorial; A minimisation algorithm with application to optimal design of reinforcements in textiles and garments; Investigating the development of digital patterns for customized apparel; Investigating the positioning edge accuracy of sensors in textile and clothing manufacture; Image analysis method of surface roughness evaluation; Garment abrasion strength evaluation: a comparative methods study; Investigation of the strength of ultrasonically welded sails; New measuring device for estimating the pressure under compression garments 327 $aTechnical systems in intelligent clothing with active thermal protection; Development of a mathematical model for the heat transfer of the system man - clothing - environment; A smart sensor for compression measurement in automotive textiles 330 $aThis e-book contains papers presented at the 3rd International Textile Clothing & Design Conference traditionally known as ''Magic World of Textiles''. The Conference took place at the International Centre of Croatian Studies in Dubrovnik between 8th and 11th October 2006. The purpose was to organize an international forum for presenting and exchanging the knowledge and results of research, and to present recent research and development trends in the field of textile and garment technologies, fashion design, marketing of textiles and garment products including environment protection. 517 3 $aNew developments in textiles, clothing & design 606 $aClothing and dress$xTechnological innovations$vCongresses 606 $aClothing trade$xTechnological innovations$vCongresses 606 $aTextile fabrics$vCongresses 615 0$aClothing and dress$xTechnological innovations 615 0$aClothing trade$xTechnological innovations 615 0$aTextile fabrics 676 $a687 676 $a687/.04 701 $aDragc?evic?$b Zvonko$01507839 801 0$bMiAaPQ 801 1$bMiAaPQ 801 2$bMiAaPQ 906 $aBOOK 912 $a9910783909503321 996 $aNew developments in textiles, clothing and design$93738869 997 $aUNINA